|
|
|
|
| LEADER |
00641nab a2200181 i 4500 |
| 001 |
misc44592 |
| 005 |
20191106141102.0 |
| 008 |
181002s1995 hu o 0|| zxx d |
| 022 |
|
|
|a 1215-5233
|
| 040 |
|
|
|a SZTE Miscellanea Repozitórium
|b hun
|
| 041 |
|
|
|a zxx
|
| 100 |
2 |
|
|a Fábiánné Nádudvari Tatjána
|
| 245 |
1 |
0 |
|a Idegennyelv-oktatás szociokulturális szemszögből
|h [elektronikus dokumentum] /
|c Fábiánné Nádudvari Tatjána
|
| 260 |
|
|
|c 1995
|
| 300 |
|
|
|a 54-60
|
| 490 |
0 |
|
|a Iskolakultúra
|v 5 No. 5
|
| 695 |
|
|
|a Idegen nyelv tanítása
|
| 856 |
4 |
0 |
|u http://misc.bibl.u-szeged.hu/44592/1/iskolakultura_1995_005_054-060.pdf
|z Dokumentum-elérés
|